A cien años de la presencia permanente e inimterrumpida de la argentina en la antartida / (Record no. 2572)
[ view plain ]
| 000 -LEADER | |
|---|---|
| fixed length control field | 00730nam a22002175a 4500 |
| 001 - CONTROL NUMBER | |
| control field | 002683 |
| 003 - CONTROL NUMBER IDENTIFIER | |
| control field | armpunfd |
| 005 - DATE AND TIME OF LATEST TRANSACTION | |
| control field | 20140612090712.0 |
| 008 - FIXED-LENGTH DATA ELEMENTS--GENERAL INFORMATION | |
| fixed length control field | 130711s2006####xx############000#0#und#d |
| 020 ## - INTERNATIONAL STANDARD BOOK NUMBER | |
| International Standard Book Number | 9872018227 |
| 040 ## - CATALOGING SOURCE | |
| Original cataloging agency | armpunfd |
| Transcribing agency | armpunfd |
| 080 ## - UNIVERSAL DECIMAL CLASSIFICATION NUMBER | |
| Universal Decimal Classification number | 341.228 (269) C 348 |
| 100 1# - MAIN ENTRY--PERSONAL NAME | |
| Personal name | Abruza, Armando Daniel (Coordinador) |
| 245 10 - TITLE STATEMENT | |
| Title | A cien años de la presencia permanente e inimterrumpida de la argentina en la antartida / |
| Statement of responsibility, etc | Abruza, Armando Daniel (Coordinador). |
| 260 ## - PUBLICATION, DISTRIBUTION, ETC. (IMPRINT) | |
| Place of publication, distribution, etc | Usuhaia : |
| Name of publisher, distributor, etc | Gobierno de Provincia de Tierra del Fuego, |
| Date of publication, distribution, etc | 2006. |
| 300 ## - PHYSICAL DESCRIPTION | |
| Extent | 294 p. ; |
| Dimensions | 21 x15 cm. |
| 650 #7 - SUBJECT ADDED ENTRY--TOPICAL TERM | |
| Topical term or geographic name as entry element | Antartida |
| Source of heading or term | LEMB |
| 650 #7 - SUBJECT ADDED ENTRY--TOPICAL TERM | |
| Topical term or geographic name as entry element | Derecho Internacional Publico |
| Source of heading or term | LEMB |
| 942 ## - ADDED ENTRY ELEMENTS (KOHA) | |
| Koha item type | |
| Source of classification or shelving scheme | |
| 945 ## - LOCAL PROCESSING INFORMATION (OCLC) | |
| a | CELESTE |
| d | 2013-07-11 |
| Withdrawn status | Lost status | Source of classification or shelving scheme | Damaged status | Not for loan | Home library | Current library | Shelving location | Date acquired | Total Checkouts | Full call number | Barcode | Date last seen | Date checked out | Price effective from | Koha item type | Inventory number |
|---|---|---|---|---|---|---|---|---|---|---|---|---|---|---|---|---|
| Bib. Derecho | Bib. Derecho | Sala de Lectura | 12/06/2014 | 13 | 341.228 (269) C 348 | 202729 | 04/07/2022 | 23/06/2022 | 12/06/2014 | LIBRO (Consulta) | ||||||
| Bib. Derecho | Bib. Derecho | Biblioteca Graduados | 05/12/2014 | 341.228 (269) C 348 | 301204 | 05/12/2014 | 05/12/2014 | LIBRO (Consulta) | 301204 | |||||||
| Bib. Derecho | Bib. Derecho | Biblioteca Graduados | 05/12/2014 | 3 | 341.228 (269) C 348 | 301229 | 07/09/2018 | 02/12/2016 | 05/12/2014 | LIBRO (Consulta) | 301229 |
